Ridgeland Properties Limited v Bristol City Council (Record no. 81964)
[ view plain ]
| 000 -LEADER | |
|---|---|
| fixed length control field | 01202cad a22002055a 4500 |
| 001 - CONTROL NUMBER | |
| control field | E148803 |
| 008 - FIXED-LENGTH DATA ELEMENTS--GENERAL INFORMATION | |
| fixed length control field | 091111s2009 xxk v 000 0 eng d |
| 035 ## - SYSTEM CONTROL NUMBER | |
| System control number | (Sirsi) u148803 |
| 041 0# - LANGUAGE CODE | |
| Language code of text/sound track or separate title | eng |
| 245 00 - TITLE STATEMENT | |
| Title | Ridgeland Properties Limited v Bristol City Council |
| Medium | [electronic resource] |
| 260 ## - PUBLICATION, DISTRIBUTION, ETC. | |
| Date of publication, distribution, etc. | 2009 |
| 520 ## - SUMMARY, ETC. | |
| Summary, etc. | [2009] UKUT 102 (LC) 29 September-3 October, 6-10 and 13-14 October 2008. A decision to determine the compensation payable to Ridgeland Properties Limited by Bristol City Council in respect of the compulsory acquisition of Tollgate House, Houlton Street, Bristol under the Bristol City Council (Broadmead Expansion, Bristol) Compulsory Purchase Order 2003. "Held:" compensation payable in the sum of £4 500 000. |
| 590 ## - LOCAL NOTE (RLIN) | |
| Local note | KA |
| 650 24 - SUBJECT ADDED ENTRY--TOPICAL TERM | |
| Topical term or geographic name entry element | BRISTOL CITY COUNCIL (BROADMEAD EXPANSION, BRISTOL) COMPULSORY PURCHASE ORDER 2003 |
| 650 24 - SUBJECT ADDED ENTRY--TOPICAL TERM | |
| Topical term or geographic name entry element | RIDGELAND PROPERTIES LIMITED V BRISTOL CITY COUNCIL |
| 651 #4 - SUBJECT ADDED ENTRY--GEOGRAPHIC NAME | |
| Geographic name | England |
| Chronological subdivision | 886- |
| 690 ## - LOCAL SUBJECT ADDED ENTRY--TOPICAL TERM (OCLC, RLIN) | |
| Topical term or geographic name as entry element | ENVIRONMENTAL AND LAND CONSULTANCY-PLANNING AND DEVELOPMENT-COMPULSORY PURCHASE AND COMPENSATION |
| 856 40 - ELECTRONIC LOCATION AND ACCESS | |
| Uniform Resource Identifier | <a href="https://www.bailii.org/uk/cases/UKUT/LC/2009/ACQ_447_2007.html">https://www.bailii.org/uk/cases/UKUT/LC/2009/ACQ_447_2007.html</a> |
| Public note | View the decision free of charge at www.bailii.org... |
| 942 ## - ADDED ENTRY ELEMENTS (KOHA) | |
| Suppress in OPAC | 0 |
| Withdrawn status | Lost status | Source of classification or shelving scheme | Damaged status | Not for loan | Home library | Current library | Shelving location | Date acquired | Total Checkouts | Full call number | Barcode | Date last seen | Copy number | Price effective from | Koha item type |
|---|---|---|---|---|---|---|---|---|---|---|---|---|---|---|---|
| Dewey Decimal Classification | Virtual | Virtual | Online | 11/11/2009 | ONLINE PUBLICATION | 148803-2001 | 06/08/2019 | 1 | 06/08/2019 | Law report |